LEADER 02580nam 2200589 450 001 9910813011503321 005 20230124201051.0 010 $a3-11-039841-9 010 $a3-486-77902-8 024 7 $a10.1515/9783486779028 035 $a(CKB)4340000000001027 035 $a(DE-B1597)222282 035 $a(OCoLC)1037978816 035 $a(DE-B1597)9783486779028 035 $a(Au-PeEL)EBL5418747 035 $a(CaPaEBR)ebr11616672 035 $a(OCoLC)1056895824 035 $a(CaSebORM)9783110398410 035 $a(MiAaPQ)EBC5418747 035 $a(EXLCZ)994340000000001027 100 $a20200127d2018 uy 0 101 0 $ager 135 $aurcnu|||||||| 181 $ctxt$2rdacontent 182 $cc$2rdamedia 183 $acr$2rdacarrier 200 10$aEmpirische Politikforschung $eEinfu?hrung in die Methoden der Politikwissenschaft /$fSusanne Pickel, Gert Pickel 210 1$aBerlin ;$aBoston :$cDe Gruyter Oldenbourg,$d[2018] 210 4$d©2018 215 $a1 online resource (318 pages) 225 0 $aDe Gruyter Studium 311 $a3-486-58515-0 320 $aIncludes bibliographical references. 327 $tFrontmatter -- $tInhalt -- $tVorwort -- $t1. Einleitung -- $t2. Wissenschaftstheorie und Konzeptionalisierung -- $t3. Grundlagen der empirischen Forschung -- $t4. Datenerhebung -- $t5. Datenanalyse -- $t6. Beispiel für eine eigene Umfrage - Erhebung zur Politikverdrossenheit -- $t7. Fazit und Perspektiven -- $tLiteratur -- $tStichwortverzeichnis 330 $aDas Lehrbuch führt in kompakter Form in die Vorgehensweisen empirischer Politikforschung ein.Entlang des Ablaufs empirischer Forschungsprojekte werden die einzelnen Forschungsphasen prägnant und unter Verwendung konkreter Beispiele dargestellt und besprochen. Der Band dient als Begleitbuch zur Einführung in die Methoden der Politikwissenschaft und behandelt die Themen "Wissenschaftstheorie","Grundlagen der empirischen Forschung","Datenerhebung","Quantitative Datenanalyse","Fazit, Perspektiven und Forschungsleitfaden". 606 $aPolitical science$xResearch 610 $aData analysis. 610 $aMethods. 610 $aPolitical science research. 610 $aQualitative. 610 $aQuantitative. 615 0$aPolitical science$xResearch. 676 $a320.072 700 $aPickel$b Susanne$01621749 702 $aPickel$b Gert 801 0$bMiAaPQ 801 1$bMiAaPQ 801 2$bMiAaPQ 906 $aBOOK 912 $a9910813011503321 996 $aEmpirische Politikforschung$93955218 997 $aUNINA LEADER 02428nam 22006615u 450 001 9910157655903321 005 20211006145155.0 010 $a9783318036077 010 $a3318036072 035 $a(CKB)3780000000101835 035 $a(OCoLC)1046112728 035 $a(SZ-BaSKA)222274 035 $a(MiAaPQ)EBC31866713 035 $a(Au-PeEL)EBL31866713 035 $a(EXLCZ)993780000000101835 100 $a20211006d1992 uy 0 101 0 $aeng 135 $aurunu||||| 181 $ctxt$2rdacontent 182 $cc$2rdamedia 183 $acr$2rdacarrier 200 10$aNutrition and Cardiovascular Risks : $e29th Symposium of the Group of European Nutritionists, Balatonföldvár, April 1992 / $f editors, J.C. Somogyi, G. Biró, D. Hötzel 205 $a1st ed. 210 $aBasel : $cS. Karger, $d1992 215 $a1 online resource (VIII + 154 pages) : $c 21 figures, 39 tables 225 1 $aIssn Series 311 08$a9783805555548 311 08$a3805555547 327 $a978-3-8055-5554-8_Cover -- 978-3-8055-5554-8_00I -- 978-3-8055-5554-8_001 -- 978-3-8055-5554-8_010 -- 978-3-8055-5554-8_018 -- 978-3-8055-5554-8_024 -- 978-3-8055-5554-8_036 -- 978-3-8055-5554-8_047 -- 978-3-8055-5554-8_059 -- 978-3-8055-5554-8_066 -- 978-3-8055-5554-8_079 -- 978-3-8055-5554-8_083 -- 978-3-8055-5554-8_093 -- 978-3-8055-5554-8_102 -- 978-3-8055-5554-8_111 -- 978-3-8055-5554-8_125 -- 978-3-8055-5554-8_131 -- 978-3-8055-5554-8_137 -- 978-3-8055-5554-8_144 -- 978-3-8055-5554-8_151. 410 0$aIssn Series 606 $aNutrition 606 $aBehavioral Research 606 $aCardiovascular System 606 $aMetabolism 606 $aMolecular Biology 606 $aArteriosclerosis 606 $aEpidemiology 606 $aPediatrics 615 14$aNutrition 615 14$aBehavioral Research 615 14$aCardiovascular System 615 14$aMetabolism 615 14$aMolecular Biology 615 24$aArteriosclerosis 615 24$aEpidemiology 615 24$aPediatrics 676 $a613.2 s 676 $a616.1/071 700 $aSomogyi$b J.C 701 $aSomogyi$b J. C$g(Johann Carl)$01230448 701 $aBi?ro?$b Gyo?rgy$cDr.$01233851 701 $aHo?tzel$b D$g(Dieter)$01230961 801 0$bUKSKG 801 1$bUKSKG 906 $aBOOK 912 $a9910157655903321 996 $aNutrition and Cardiovascular Risks$92865811 997 $aUNINA